| 000 | 00585nam a22001817a 4500 | ||
|---|---|---|---|
| 003 | koha_MIRAKIL | ||
| 005 | 20260417131247.0 | ||
| 008 | 260417b tur||||| |||| 00| 0 tur d | ||
| 020 | _a9786256915510 | ||
| 040 |
_aTR-IsEVY _btur _cTR-IsEVY |
||
| 082 | _aFIC KOR/Ç | ||
| 100 | _aKorman, Huban | ||
| 245 | 0 |
_aÇölde piknik / _cHuban Korman. |
|
| 260 |
_aİstanbul : _bGünışığı kitaplığı, _c2025. |
||
| 300 |
_a35 s. : _brenkli resimli ; _c23 cm. |
||
| 650 |
_aÇocuk edebiyatı. _vResimli Kitaplar. _vTemiz Enerji. _vPetrol Rafinerisi. _vÇevre Kirliliği. |
||
| 942 |
_2ddc _cBK |
||
| 999 |
_c23515 _d23515 |
||